Pocket guide to service tax : (Record no. 77982)

MARC details
000 -LEADER
fixed length control field 00631nam a22001937a 4500
005 - DATE AND TIME OF LATEST TRANSACTION
control field 20130923110942.0
010 ## - LCCN (DPL NO)
LC control number ENG-108055
020 ## - INTERNATIONAL STANDARD BOOK NUMBER
Terms of availability 495.00
International Standard Book Number 9788180388668
035 ## - SYSTEM CONTROL NUMBER
System control number EN-91588
037 ## - SOURCE OF ACQUISITION
Source of stock number/acquisition DBAD/PUB
082 ## - DEWEY DECIMAL CLASSIFICATION NUMBER
Classification number 343.540552
100 ## - MAIN ENTRY--PERSONAL NAME
Personal name Rastogi, Abhishek A.
245 00 - TITLE STATEMENT
Title Pocket guide to service tax :
Statement of responsibility, etc by Abhishek A. Rastogi
Remainder of title as amended by the Finance Act, 2013 /
250 ## - EDITION STATEMENT
Edition statement 2nd ed
260 ## - PUBLICATION, DISTRIBUTION, ETC. (IMPRINT)
Place of publication, distribution, etc Gurgaon
Name of publisher, distributor, etc Lexis Nexis
Date of publication, distribution, etc 2013
270 ## - ADDRESS
Address 14th Floor, Bldg. No.10, Tower-B, DLF Cyber City, Phase-II
City Gurgaon
Postal code 122002
300 ## - PHYSICAL DESCRIPTION
Extent xviii,889p.
Dimensions 20cm(pbk)
942 ## - ADDED ENTRY ELEMENTS (KOHA)
Source of classification or shelving scheme Dewey Decimal Classification
Item type English Books
Call number suffix RAS
Classification part 343.540552
Holdings
Withdrawn status Lost status Not for loan Collection code Home library Current library Date acquired Source of acquisition Cost, normal purchase price Full call number Barcode Copy number Cost, replacement price Koha item type
    Not For Loan Non-fiction D.B.Act.Division D.B.Act.Division 23/07/2013 DBAD 495.00 343.540552 RAS EN-91588 1 495.00 English Books

© Delhi Public Library
Hit Counter
free hit counter